[Event "33rd Leon Blitz Open 2020"]
[Site "chess.com INT"]
[Date "2020.07.14"]
[Round "2"]
[White "Amin, Bassem"]
[Black "Musovic, Armin"]
[Result "1-0"]
[WhiteTitle "GM"]
[BlackTitle "FM"]
[WhiteElo "2686"]
[BlackElo "2207"]
[WhiteFideId "10601457"]
[BlackFideId "939935"]
[EventDate "2020.07.14"]
[EventType "blitz"]

1. e4 c6 2. d4 d5 3. exd5 cxd5 4. c4 Nc6 5. Nc3 Nf6 6. Bg5 e6 7. Nf3 Be7 8. c5
O-O 9. Bb5 Bd7 10. Rc1 Re8 11. O-O h6 12. Bf4 a6 13. Bd3 Nh5 14. Be3 Nf6 15. a3
Bf8 16. b4 g5 17. Ne5 Bg7 18. f4 g4 19. Nxg4 Nxg4 20. Qxg4 e5 21. f5 exd4 22.
Bxh6 Qf6 23. Bxg7 Qxg7 24. Qxg7+ Kxg7 25. Nxd5 Re5 26. f6+ Kf8 27. Nb6 Rd8 28.
Rf4 Rh5 29. Re1 Ne5 30. Be2 Bg4 31. Bxg4 Nxg4 32. Rxg4 d3 33. Nd7+ 1-0

[Event "33rd Leon Blitz Open 2020"]
[Site "chess.com INT"]
[Date "2020.07.14"]
[Round "2"]
[White "Mchedlishvili, Mikheil"]
[Black "Perrine, Dalton"]
[Result "1-0"]
[WhiteTitle "GM"]
[BlackTitle "FM"]
[WhiteElo "2570"]
[BlackElo "2247"]
[WhiteFideId "13600966"]
[BlackFideId "2048434"]
[EventDate "2020.07.14"]
[EventType "blitz"]

1. d4 Nf6 2. c4 c5 3. d5 b5 4. Qc2 Bb7 5. e4 bxc4 6. Bxc4 Na6 7. Nc3 e6 8. Nge2
Nb4 9. Qd1 Nxe4 10. dxe6 fxe6 11. O-O Be7 12. a3 Nxc3 13. Nxc3 Nc6 14. Qh5+ g6
15. Qh6 Ne5 16. Be2 Bf8 17. Qe3 Nf7 18. Rd1 Qe7 19. Ne4 Rc8 20. Bb5 Rc7 21. Bd2
Bh6 22. Qg3 1-0

[Event "33rd Leon Blitz Open 2020"]
[Site "chess.com INT"]
[Date "2020.07.14"]
[Round "2"]
[White "Horak, Martin"]
[Black "Plenca, Jadranko"]
[Result "0-1"]
[WhiteTitle "FM"]
[BlackTitle "IM"]
[WhiteElo "2341"]
[BlackElo "2483"]
[WhiteFideId "367095"]
[BlackFideId "14527146"]
[EventDate "2020.07.14"]
[EventType "blitz"]

1. d4 d5 2. c4 e6 3. Nc3 a6 4. cxd5 exd5 5. Nf3 Nf6 6. Bg5 Be6 7. e3 Nbd7 8. Bd3
Bd6 9. O-O c6 10. Rb1 h6 11. Bh4 O-O 12. b4 b5 13. a4 Nb6 14. Ne5 Nc4 15. Bxc4
dxc4 16. Nxc6 Qc7 17. Ne5 Bxe5 18. dxe5 Qxe5 19. Qd4 Qxd4 20. exd4 Nd5 21. Nxd5
Bxd5 22. a5 Rfe8 23. Rbe1 c3 24. Rxe8+ Rxe8 25. Rc1 Re4 26. Bg3 Rxd4 27. f3 Rxb4
28. Rxc3 Bc4 29. Re3 Rb1+ 30. Kf2 Rf1# 0-1

[Event "33rd Leon Blitz Open 2020"]
[Site "chess.com INT"]
[Date "2020.07.14"]
[Round "2"]
[White "Ramoutar, Alan-Safar"]
[Black "Sukandar, Irine Kharisma"]
[Result "0-1"]
[WhiteTitle "IM"]
[BlackTitle "IM"]
[WhiteElo "2305"]
[BlackElo "2413"]
[WhiteFideId "7704224"]
[BlackFideId "7101937"]
[EventDate "2020.07.14"]
[EventType "blitz"]

1. e4 e5 2. Nf3 Nc6 3. Bb5 a6 4. Ba4 Nf6 5. Nc3 b5 6. Bb3 Bc5 7. d3 h6 8. Nd5
O-O 9. c3 d6 10. Nxf6+ Qxf6 11. Rg1 Bg4 12. Bd5 Bd7 13. g4 Rae8 14. g5 hxg5 15.
Bxg5 Qg6 16. Nh4 Qh7 17. Qf3 Kh8 18. O-O-O Ne7 19. Bf6 Ng6 20. Bxf7 Rxf7 21.
Nxg6+ Kg8 22. Rg5 Rxf6 23. Qg2 Rxf2 24. Qg3 Qxh2 25. Rg1 Rc2+ 26. Kb1 Rxb2+ 0-1

[Event "33rd Leon Blitz Open 2020"]
[Site "chess.com INT"]
[Date "2020.07.14"]
[Round "2"]
[White "Nguyen, Ngoc Truong Son"]
[Black "Aldokhin, Ivan"]
[Result "1-0"]
[WhiteTitle "GM"]
[BlackTitle "IM"]
[WhiteElo "2641"]
[BlackElo "2413"]
[WhiteFideId "12401110"]
[BlackFideId "24115720"]
[EventDate "2020.07.14"]
[EventType "blitz"]

1. c4 Nf6 2. Nc3 g6 3. g3 Bg7 4. Bg2 O-O 5. Nf3 d6 6. O-O c6 7. d4 Qa5 8. e4 Qh5
9. Ng5 h6 10. Qxh5 Nxh5 11. Nf3 Bg4 12. Be3 Na6 13. a3 e5 14. dxe5 dxe5 15. Nd2
Nf6 16. f3 Be6 17. Rfd1 Rfd8 18. Bf1 Nd7 19. b4 f5 20. Nb3 Nb6 21. Na5 Rxd1 22.
Rxd1 Rb8 23. c5 Nd7 24. Bxa6 bxa6 25. Nxc6 Re8 26. Nxa7 Nf6 27. a4 g5 28. b5 f4
29. Bf2 g4 30. c6 gxf3 31. c7 fxg3 32. hxg3 Ng4 33. Rd8 Kf7 34. Rxe8 Kxe8 35. b6
Bf8 36. b7 Nxf2 37. c8=Q+ Kf7 38. Kxf2 1-0

[Event "33rd Leon Blitz Open 2020"]
[Site "chess.com INT"]
[Date "2020.07.14"]
[Round "2"]
[White "Parnali, S Dharia"]
[Black "Vovk, Orest"]
[Result "0-1"]
[WhiteTitle "WIM"]
[BlackTitle "FM"]
[WhiteElo "2243"]
[BlackElo "2315"]
[WhiteFideId "5043131"]
[BlackFideId "14113490"]
[EventDate "2020.07.14"]
[EventType "blitz"]

1. c4 g5 2. d4 h6 3. Nc3 Bg7 4. h4 g4 5. e4 c5 6. Be3 h5 7. Nge2 cxd4 8. Bxd4
Bxd4 9. Qxd4 Nf6 10. e5 Nc6 11. Qf4 Ng8 12. Rd1 Qc7 13. Nd5 Qa5+ 14. Nec3 e6 15.
Nf6+ Ke7 16. c5 Qxc5 17. Nfd5+ exd5 18. Qg5+ Kf8 19. Rxd5 Qe7 20. Qf4 d6 21. Bc4
Nxe5 22. O-O Nxc4 23. Qxc4 Be6 24. Qd4 Qf6 0-1

[Event "33rd Leon Blitz Open 2020"]
[Site "chess.com INT"]
[Date "2020.07.14"]
[Round "2"]
[White "Simonovic, Miroslav"]
[Black "Akshat, Khamparia"]
[Result "0-1"]
[WhiteTitle "CM"]
[BlackTitle "IM"]
[WhiteElo "2129"]
[BlackElo "2406"]
[WhiteFideId "919152"]
[BlackFideId "5016541"]
[EventDate "2020.07.14"]
[EventType "blitz"]

1. d4 Nf6 2. Bg5 e6 3. e4 h6 4. Bxf6 Qxf6 5. e5 Qd8 6. f4 c5 7. c3 cxd4 8. cxd4
d6 9. Nf3 dxe5 10. Bb5+ Bd7 11. Bxd7+ Nxd7 12. dxe5 Qb6 13. Qb3 Bb4+ 14. Nbd2
Nc5 15. Qe3 Rd8 16. O-O Bxd2 17. Nxd2 Rxd2 18. Kh1 Rd5 19. f5 Nd7 20. Qg3 O-O
21. f6 g6 22. Rae1 Qxb2 23. Qh4 Kh7 24. Rf3 Rxe5 25. Ref1 Rh5 26. Qa4 Ne5 27.
Re3 Ng4 28. Rh3 Nf2+ 0-1

[Event "33rd Leon Blitz Open 2020"]
[Site "chess.com INT"]
[Date "2020.07.14"]
[Round "2"]
[White "Macovei, Andrei"]
[Black "Lysyj, Igor"]
[Result "0-1"]
[WhiteTitle "IM"]
[BlackTitle "GM"]
[WhiteElo "2453"]
[BlackElo "2594"]
[WhiteFideId "13904680"]
[BlackFideId "4150120"]
[EventDate "2020.07.14"]
[EventType "blitz"]

1. e4 e5 2. Nf3 Nc6 3. Bb5 a6 4. Ba4 Nf6 5. O-O Bc5 6. c3 O-O 7. d4 Ba7 8. dxe5
Nxe4 9. Qd5 Nc5 10. Bc2 Ne7 11. Qd1 d5 12. exd6 Qxd6 13. Qxd6 cxd6 14. Bf4 Bf5
15. Bxd6 Bxc2 16. Bxe7 Rfe8 17. Bxc5 Bxc5 18. Nbd2 Re2 19. Rfe1 Bxf2+ 20. Kf1
Bxe1 21. Rxe1 Rxe1+ 22. Nxe1 Bf5 23. Ndf3 Be6 24. a3 a5 25. Nd4 Bc4+ 26. Kf2 a4
27. Nec2 b5 28. Ne3 Re8 29. Nef5 g6 30. Nd6 Re5 31. Nb7 Kg7 32. Nd8 Rd5 33. N8c6
Rd6 34. Nb4 Rf6+ 35. Nf3 g5 36. h3 h5 37. Kg3 Kh6 38. Nc2 h4+ 39. Kf2 Rf4 40.
Ne3 f6 41. Ke1 Re4 42. Kf2 Kg6 43. Nd2 Re8 44. Nf3 f5 45. Nd4 Re4 46. Kf3 Rf4# 0-1

[Event "33rd Leon Blitz Open 2020"]
[Site "chess.com INT"]
[Date "2020.07.14"]
[Round "2"]
[White "Nitin, S."]
[Black "Efimenko, Zahar"]
[Result "0-1"]
[WhiteTitle "IM"]
[BlackTitle "GM"]
[WhiteElo "2381"]
[BlackElo "2602"]
[WhiteFideId "5018277"]
[BlackFideId "14107201"]
[EventDate "2020.07.14"]
[EventType "blitz"]

1. e4 g6 2. Nc3 Bg7 3. h4 h6 4. h5 g5 5. d4 d6 6. Be3 Nf6 7. f3 Nc6 8. Nge2 a6
9. Qd2 b5 10. O-O-O Bb7 11. d5 Ne5 12. Nd4 Qd7 13. a3 e6 14. g3 g4 15. f4 Nc4
16. Bxc4 bxc4 17. dxe6 fxe6 18. f5 exf5 19. Nxf5 O-O-O 20. Nxg7 Qxg7 21. Qd4 Qe7
22. Qxc4 d5 23. Bc5 dxc4 24. Bxe7 Rxd1+ 25. Kxd1 Nxe4 26. Nxe4 Bxe4 27. Kd2 Bxh1 0-1

[Event "33rd Leon Blitz Open 2020"]
[Site "chess.com INT"]
[Date "2020.07.14"]
[Round "2"]
[White "Antipov, Mikhail Al."]
[Black "Stukan, Martin"]
[Result "1-0"]
[WhiteTitle "GM"]
[BlackTitle "FM"]
[WhiteElo "2584"]
[BlackElo "2325"]
[WhiteFideId "4107012"]
[BlackFideId "34171980"]
[EventDate "2020.07.14"]
[EventType "blitz"]

1. e4 Nf6 2. Nc3 e5 3. Nf3 Nc6 4. Bb5 Bb4 5. Nd5 Nxd5 6. exd5 Nd4 7. Nxd4 exd4
8. O-O O-O 9. Qf3 d6 10. a3 Bc5 11. b4 Bb6 12. d3 Qh4 13. h3 f5 14. Bd2 f4 15.
Rfe1 Qf6 16. Re4 g5 17. Rae1 Bf5 18. Re7 Rf7 19. R7e2 Raf8 20. Be8 Rg7 21. Bh5
Kh8 22. a4 a6 23. a5 Ba7 24. Bg4 Bg6 25. Bh5 Bf5 26. Re8 Rxe8 27. Rxe8+ Rg8 28.
Qe2 Rxe8 29. Qxe8+ Kg7 30. Qa8 1-0

[Event "33rd Leon Blitz Open 2020"]
[Site "chess.com INT"]
[Date "2020.07.14"]
[Round "2"]
[White "Anand, Nadar"]
[Black "Le Goff, Ronan"]
[Result "0-1"]
[WhiteTitle "IM"]
[BlackTitle "FM"]
[WhiteElo "2347"]
[BlackElo "2267"]
[WhiteFideId "25009141"]
[BlackFideId "612073"]
[EventDate "2020.07.14"]
[EventType "blitz"]

1. e4 e5 2. Nf3 Nc6 3. Bb5 a6 4. Ba4 d6 5. c3 Bd7 6. O-O Nf6 7. Re1 g6 8. d4 Bg7
9. Nbd2 O-O 10. Nf1 Re8 11. Ng3 b5 12. Bc2 Na5 13. h3 c5 14. b3 exd4 15. cxd4
cxd4 16. Nxd4 Nc6 17. Nxc6 Bxc6 18. Bb2 h5 19. f3 h4 20. Ne2 d5 21. e5 Nd7 22.
f4 Nc5 23. Nd4 Bb7 24. Qg4 Ne4 25. f5 Rxe5 26. fxg6 fxg6 27. Ne6 Qb6+ 28. Bd4
Qxe6 29. Bxe5 Qxg4 30. hxg4 Bxe5 31. Rad1 Bg3 32. Rf1 Rf8 33. Rf3 Rxf3 34. gxf3
Ng5 35. Kg2 d4 36. Rxd4 Bxf3+ 37. Kg1 h3 0-1

[Event "33rd Leon Blitz Open 2020"]
[Site "chess.com INT"]
[Date "2020.07.14"]
[Round "2"]
[White "Palchuk, Andrii"]
[Black "Svicevic, Rastko"]
[Result "1-0"]
[WhiteTitle "FM"]
[BlackTitle "FM"]
[WhiteElo "2183"]
[BlackElo "2215"]
[WhiteFideId "14176688"]
[BlackFideId "916315"]
[EventDate "2020.07.14"]
[EventType "blitz"]

1. e4 c5 2. Nf3 Nc6 3. Bb5 e5 4. O-O Bd6 5. c3 Nge7 6. d4 cxd4 7. cxd4 exd4 8.
Nxd4 O-O 9. Nc3 a6 10. Be2 b5 11. Ndxb5 axb5 12. Qxd6 b4 13. Nd5 Nxd5 14. exd5
Nd4 15. Bd3 Nb3 16. Rb1 Rxa2 17. Be3 Qh4 18. Rfe1 Ra8 19. Rbd1 Na5 20. Bc5 Bb7
21. Bxb4 Nc4 22. Qc7 Ba6 23. Bxf8 Nxb2 1-0

[Event "33rd Leon Blitz Open 2020"]
[Site "chess.com INT"]
[Date "2020.07.14"]
[Round "2"]
[White "Bagrationi, Dmitry"]
[Black "Abdusattorov, Nodirbek"]
[Result "0-1"]
[WhiteTitle "FM"]
[BlackTitle "GM"]
[WhiteElo "2316"]
[BlackElo "2627"]
[WhiteFideId "14105047"]
[BlackFideId "14204118"]
[EventDate "2020.07.14"]
[EventType "blitz"]

1. e4 c5 2. Nf3 d6 3. d4 cxd4 4. Nxd4 Nf6 5. Nc3 a6 6. Bg5 e6 7. f4 h6 8. Bh4
Be7 9. Qf3 Nbd7 10. O-O-O Qc7 11. Be2 b5 12. e5 Bb7 13. Qh3 dxe5 14. fxe5 Qxe5
15. Bf3 Qc7 16. Rhe1 Bxf3 17. Qxf3 O-O 18. Bg3 Qc4 19. Nc6 Bd8 20. Rd4 Qc5 21.
Bd6 Qg5+ 22. Kb1 Re8 23. h4 Qh5 24. g4 Qxh4 25. Bg3 Qg5 26. Ne5 Nxe5 27. Rxe5
Qg6 28. Qxa8 Bb6 29. Qxa6 Bxd4 30. Re1 Qxg4 31. Bc7 Bxc3 32. bxc3 Nd5 33. Qc6
Rc8 0-1

[Event "33rd Leon Blitz Open 2020"]
[Site "chess.com INT"]
[Date "2020.07.14"]
[Round "2"]
[White "Sarkar, Justin"]
[Black "Seul, Georg"]
[Result "0-1"]
[WhiteTitle "IM"]
[BlackTitle "IM"]
[WhiteElo "2380"]
[BlackElo "2372"]
[WhiteFideId "2010011"]
[BlackFideId "4601653"]
[EventDate "2020.07.14"]
[EventType "blitz"]

1. d4 f5 2. c4 Nf6 3. Nc3 d6 4. Bg5 Nbd7 5. Qc2 g6 6. e4 fxe4 7. Nxe4 Nxe4 8.
Qxe4 Bg7 9. Nf3 c5 10. O-O-O cxd4 11. Nxd4 Nc5 12. Qe3 h6 13. Bh4 g5 14. Bg3 Qa5
15. Kb1 Bxd4 16. Qxd4 Bf5+ 17. Bd3 Nxd3 18. Qxh8+ Kd7 19. Qxa8 Nb4+ 20. Rd3
Bxd3+ 21. Kc1 Nxa2+ 22. Kd1 Qb6 0-1

[Event "33rd Leon Blitz Open 2020"]
[Site "chess.com INT"]
[Date "2020.07.14"]
[Round "2"]
[White "Ortega Amarelle, Mariano"]
[Black "Niemann, Hans Moke"]
[Result "0-1"]
[WhiteTitle "IM"]
[BlackTitle "IM"]
[WhiteElo "2458"]
[BlackElo "2465"]
[WhiteFideId "3504301"]
[BlackFideId "2093596"]
[EventDate "2020.07.14"]
[EventType "blitz"]

1. d4 g6 2. c4 Bg7 3. Nc3 d6 4. e4 Nc6 5. Be3 e5 6. d5 Nce7 7. Nge2 f5 8. f3 Nf6
9. Qd2 O-O 10. O-O-O fxe4 11. Nxe4 Nf5 12. N2c3 Nxe4 13. Nxe4 b5 14. c5 Nd4 15.
cxd6 cxd6 16. Bxd4 exd4 17. Bxb5 Rb8 18. Bc6 d3 19. b3 Ba6 20. Kb1 Qb6 21. Qf2
Qb4 22. Rc1 Qxe4 23. Qxa7 Qe5 0-1

[Event "33rd Leon Blitz Open 2020"]
[Site "chess.com INT"]
[Date "2020.07.14"]
[Round "2"]
[White "Bernadskiy, Vitaliy"]
[Black "Grunberg, Mihai-Lucian"]
[Result "0-1"]
[WhiteTitle "GM"]
[BlackTitle "IM"]
[WhiteElo "2629"]
[BlackElo "2401"]
[WhiteFideId "14100371"]
[BlackFideId "1204149"]
[EventDate "2020.07.14"]
[EventType "blitz"]

1. d4 f5 2. Bg5 g6 3. Nc3 Bg7 4. e3 c6 5. h4 Nh6 6. Nf3 Nf7 7. Bf4 h6 8. e4 fxe4
9. Nxe4 d5 10. Nc5 e5 11. Nxe5 Nxe5 12. Bxe5 Bxe5 13. Qe2 O-O 14. dxe5 Qa5+ 15.
Qd2 Qxc5 16. Bd3 Bf5 17. O-O-O Kg7 18. h5 g5 19. Bxf5 Rxf5 20. Qd3 Qf8 21. g4
Rxe5 22. Rhe1 Nd7 23. Qg6+ Kh8 24. f4 Rxe1 25. Rxe1 Qxf4+ 26. Kb1 Qf6 27. Qd3
Ne5 28. Qd4 Re8 29. Qxa7 Re7 30. Qd4 Kg8 31. a4 Nxg4 0-1

[Event "33rd Leon Blitz Open 2020"]
[Site "chess.com INT"]
[Date "2020.07.14"]
[Round "2"]
[White "Deac, Bogdan-Daniel"]
[Black "Pranav, Anand"]
[Result "0-1"]
[WhiteTitle "GM"]
[BlackTitle "FM"]
[WhiteElo "2625"]
[BlackElo "2381"]
[WhiteFideId "1226380"]
[BlackFideId "46626786"]
[EventDate "2020.07.14"]
[EventType "blitz"]

1. Nf3 Nf6 2. c4 b6 3. d4 Bb7 4. Nc3 e6 5. a3 d5 6. Bg5 Nbd7 7. cxd5 exd5 8. g3
h6 9. Bf4 a6 10. Bh3 Nh5 11. Be5 Be7 12. O-O O-O 13. Qb3 Nxe5 14. dxe5 g6 15.
Rfd1 c6 16. e4 Bc8 17. Bg2 d4 18. Nxd4 Qe8 19. Qxb6 Bd7 20. Rd2 Bd8 21. Qb7 Bg5
22. Rdd1 Rd8 23. h4 Be7 24. Qxa6 Bc5 25. Nb3 Qxe5 26. Qa5 Bxf2+ 27. Kxf2 Qxg3+
28. Kg1 Bh3 0-1

[Event "33rd Leon Blitz Open 2020"]
[Site "chess.com INT"]
[Date "2020.07.14"]
[Round "2"]
[White "Tarasova, Viktoriya"]
[Black "Gavilan Diaz, Mario"]
[Result "0-1"]
[WhiteTitle "WIM"]
[BlackTitle "FM"]
[WhiteElo "2226"]
[BlackElo "2278"]
[WhiteFideId "4175840"]
[BlackFideId "2260905"]
[EventDate "2020.07.14"]
[EventType "blitz"]

1. d4 Nf6 2. c4 c5 3. d5 e6 4. Nc3 exd5 5. cxd5 d6 6. Nf3 g6 7. Bf4 Bg7 8. Qa4+
Bd7 9. Qb3 b5 10. Nxb5 Bxb5 11. Qxb5+ Nbd7 12. Bxd6 Ne4 13. Bf4 O-O 14. e3 a6
15. Qd3 Bxb2 16. Rd1 Qa5+ 17. Nd2 Nxd2 18. Rxd2 Bc3 19. e4 Rfe8 20. Be2 Ne5 21.
Qc2 Rab8 22. O-O Bd4 23. Rb1 Rxb1+ 24. Qxb1 Bc3 25. Rc2 c4 26. h3 Nd3 27. d6
Nxf4 28. d7 Rd8 0-1

[Event "33rd Leon Blitz Open 2020"]
[Site "chess.com INT"]
[Date "2020.07.14"]
[Round "2"]
[White "Fedoseev, Vladimir3"]
[Black "Chan, Yi Ren Daniel"]
[Result "1-0"]
[WhiteTitle "GM"]
[BlackTitle "FM"]
[WhiteElo "2678"]
[BlackElo "2316"]
[WhiteFideId "24130737"]
[BlackFideId "5801583"]
[EventDate "2020.07.14"]
[EventType "blitz"]

1. d4 d5 2. c4 c6 3. Nf3 Nf6 4. Nbd2 Bf5 5. Nh4 Be4 6. f3 Bg6 7. Qb3 Qb6 8. e3
e6 9. Nxg6 hxg6 10. Bd3 Nbd7 11. O-O Qc7 12. f4 g5 13. Nf3 gxf4 14. exf4 O-O-O
15. c5 Ne4 16. Qa4 Kb8 17. b4 Ndf6 18. Ne5 g6 19. Be3 Bg7 20. b5 cxb5 21. Qxb5
Nh5 22. c6 Bxe5 23. dxe5 Qxc6 24. Qxc6 bxc6 25. Rfc1 c5 26. Bxe4 dxe4 27. Rxc5
Rd7 28. Rb1+ Ka8 29. Rc4 Rb8 30. Rxb8+ Kxb8 31. Rxe4 Rd1+ 32. Kf2 Rb1 33. Ra4
Rb2+ 34. Kf3 Rb7 35. g4 Ng7 36. h4 Ne8 37. h5 gxh5 38. gxh5 f5 39. Rxa7 Rb1 40.
h6 Rh1 41. Re7 Nc7 42. h7 Kc8 43. Rg7 Ne8 44. Rg8 Rh3+ 45. Kg2 Rxh7 46. Rxe8+
Kd7 47. Ra8 Rg7+ 48. Kf3 Kc6 49. Ra6+ Kd5 50. Rd6+ Kc4 51. Rxe6 Rh7 52. Rd6 Rh3+
53. Ke2 Rh2+ 54. Bf2 Kb5 55. e6 Rh6 56. Kd3 Rxe6 57. Rxe6 1-0

[Event "33rd Leon Blitz Open 2020"]
[Site "chess.com INT"]
[Date "2020.07.14"]
[Round "2"]
[White "Papp, Petra"]
[Black "Kulkarni, Rakesh"]
[Result "0-1"]
[WhiteTitle "WGM"]
[BlackTitle "IM"]
[WhiteElo "2338"]
[BlackElo "2321"]
[WhiteFideId "739049"]
[BlackFideId "5037077"]
[EventDate "2020.07.14"]
[EventType "blitz"]

1. e4 c5 2. Nf3 e6 3. d4 cxd4 4. Nxd4 a6 5. Be2 Nf6 6. Nc3 Qc7 7. O-O Nc6 8. Be3
b5 9. Nxc6 dxc6 10. Bf3 e5 11. a4 b4 12. Nb1 Be6 13. Nd2 Rd8 14. Qe2 a5 15. Nc4
c5 16. Rfd1 Be7 17. g3 O-O 18. Bg2 h6 19. h3 Qc8 20. Kh2 Qc7 21. f4 exf4 22.
gxf4 Rfe8 23. b3 Bf8 24. Ne5 c4 25. bxc4 Rc8 26. Qf2 Bxc4 27. Bb6 Qb8 28. Bxa5
Bd6 29. Rxd6 Qxd6 30. Nxc4 Rxc4 31. e5 Qa6 32. exf6 Qxa5 33. fxg7 Qf5 34. a5
Rxc2 35. Qg3 Ree2 36. a6 Rxg2+ 37. Qxg2 Qxf4+ 38. Kh1 Rxg2 39. Kxg2 Qd2+ 40. Kf1
Qd3+ 41. Kg2 Qe2+ 42. Kg1 Qe3+ 43. Kg2 Qe4+ 44. Kf1 Qh1+ 0-1

[Event "33rd Leon Blitz Open 2020"]
[Site "chess.com INT"]
[Date "2020.07.14"]
[Round "2"]
[White "Matinian, Nikita"]
[Black "Bluebaum, Matthias"]
[Result "0-1"]
[WhiteTitle "GM"]
[BlackTitle "GM"]
[WhiteElo "2475"]
[BlackElo "2647"]
[WhiteFideId "24129100"]
[BlackFideId "24651516"]
[EventDate "2020.07.14"]
[EventType "blitz"]

1. e4 e6 2. d4 d5 3. Nc3 Nf6 4. Bg5 dxe4 5. Nxe4 Be7 6. Bxf6 Bxf6 7. Nf3 Nd7 8.
c3 O-O 9. Bd3 b6 10. Qe2 Bb7 11. O-O Qe7 12. Rad1 c5 13. Bb5 cxd4 14. Bxd7 Bxe4
15. Qxe4 Qxd7 16. Nxd4 Rfd8 17. g3 Rac8 18. Qe2 Qa4 19. b3 Qa5 20. Nb5 a6 21.
Nd6 Rb8 22. c4 Be7 23. Ne4 b5 24. c5 b4 25. c6 Rbc8 26. Rd7 Rxd7 27. cxd7 Rd8
28. Rd1 Qb5 29. Qc2 f5 30. Nd6 Qxd7 0-1

[Event "33rd Leon Blitz Open 2020"]
[Site "chess.com INT"]
[Date "2020.07.14"]
[Round "2"]
[White "Boyer, Mahel"]
[Black "Ismagambetov, Anuar"]
[Result "1-0"]
[WhiteTitle "FM"]
[BlackTitle "GM"]
[WhiteElo "2294"]
[BlackElo "2528"]
[WhiteFideId "45102422"]
[BlackFideId "13701525"]
[EventDate "2020.07.14"]
[EventType "blitz"]

1. e4 c5 2. d3 g6 3. g3 Bg7 4. Bg2 Nc6 5. f4 e6 6. Nf3 Nge7 7. O-O O-O 8. c3 b5
9. Be3 d6 10. d4 cxd4 11. cxd4 d5 12. e5 b4 13. Nbd2 a5 14. Nb3 Ba6 15. Re1 Qc7
16. Rc1 Rfc8 17. Nc5 Qa7 18. Bf2 Rc7 19. g4 Bc8 20. Bh4 a4 21. Bf6 Na5 22. Qxa4
Nc4 23. Qe8+ Bf8 24. Ng5 Nc6 25. Ncxe6 Bxe6 26. Nxe6 Rxe8 27. Nxc7 Qxc7 28. Bxd5
N4a5 29. e6 fxe6 30. Rxe6 Qf7 31. Rce1 Rxe6 32. Bxe6 Nb7 33. Bxf7+ Kxf7 34. Be5
Ne7 35. Rc1 Nd5 36. Kf2 Ke7 37. Kf3 Kd7 38. Ke4 Ke6 39. f5+ gxf5+ 40. gxf5+ 1-0

[Event "33rd Leon Blitz Open 2020"]
[Site "chess.com INT"]
[Date "2020.07.14"]
[Round "2"]
[White "Sasikiran, Krishnan"]
[Black "Keosidi, Konstantin"]
[Result "0-1"]
[WhiteTitle "GM"]
[BlackTitle "FM"]
[WhiteElo "2647"]
[BlackElo "2404"]
[WhiteFideId "5004985"]
[BlackFideId "4175247"]
[EventDate "2020.07.14"]
[EventType "blitz"]

1. e4 e5 2. Nf3 Nf6 3. Nxe5 d6 4. Nf3 Nxe4 5. d4 d5 6. Bd3 Nc6 7. O-O Be7 8. c4
Nb4 9. Be2 O-O 10. Nc3 Bf5 11. a3 Nxc3 12. bxc3 Nc6 13. Re1 Bf6 14. Bf4 Na5 15.
cxd5 Qxd5 16. Bxc7 Rac8 17. Be5 Rxc3 18. Bxf6 gxf6 19. Qd2 Rfc8 20. Qf4 Kg7 21.
h4 Bg6 22. Rab1 a6 23. Rb6 R8c6 24. Rxc6 Nxc6 25. g4 Be4 26. g5 f5 27. Nd2 Nxd4
28. Bh5 Ne6 0-1

[Event "33rd Leon Blitz Open 2020"]
[Site "chess.com INT"]
[Date "2020.07.14"]
[Round "2"]
[White "Henriquez Villagra, Cristobal"]
[Black "Sengupta, Deep"]
[Result "0-1"]
[WhiteTitle "GM"]
[BlackTitle "GM"]
[WhiteElo "2600"]
[BlackElo "2527"]
[WhiteFideId "3409350"]
[BlackFideId "5008352"]
[EventDate "2020.07.14"]
[EventType "blitz"]

1. e4 e5 2. Nf3 Nc6 3. g3 g6 4. Bg2 Bg7 5. O-O Nge7 6. c3 O-O 7. d4 d6 8. Re1
Bg4 9. d5 Nb8 10. h3 Bxf3 11. Bxf3 Nd7 12. a4 f5 13. a5 Nf6 14. a6 b6 15. Nd2
Qd7 16. Bg2 Rae8 17. Qa4 Qc8 18. c4 Bh6 19. exf5 gxf5 20. b4 e4 21. Nxe4 Bxc1
22. Nxf6+ Rxf6 23. Raxc1 f4 24. Re4 Rf7 25. Rce1 Qd8 26. h4 Ref8 27. Bh3 Rg7 28.
Be6+ Kh8 29. Kg2 Ng6 30. Qa1 Nxh4+ 31. Kf1 fxg3 32. Rg4 Rxf2+ 0-1

[Event "33rd Leon Blitz Open 2020"]
[Site "chess.com INT"]
[Date "2020.07.14"]
[Round "2"]
[White "Shvedova, Alexandra"]
[Black "Khumalo, Keith"]
[Result "0-1"]
[WhiteTitle "WFM"]
[BlackTitle "CM"]
[WhiteElo "1994"]
[BlackElo "2117"]
[WhiteFideId "54154782"]
[BlackFideId "14319470"]
[EventDate "2020.07.14"]
[EventType "blitz"]

1. e4 c5 2. Nf3 e6 3. d4 cxd4 4. Nxd4 a6 5. Nc3 Qc7 6. Qf3 Nf6 7. Qg3 d6 8. Be3
Nbd7 9. O-O-O h5 10. f3 h4 11. Qf2 b5 12. a3 Bb7 13. Bg5 Rc8 14. Bxh4 Be7 15.
Bg3 Ne5 16. Nb3 Nh5 17. Bh4 g5 18. Bg3 Bf6 19. Bd3 Ke7 20. Qd2 Rb8 21. Bf2 Rhc8
22. Bd4 Nf4 23. Bf1 Bc6 24. Bxe5 Bxe5 25. Nd4 Be8 26. g3 Ng6 27. Nce2 a5 28. f4
gxf4 29. gxf4 Bf6 30. f5 Ne5 31. fxe6 fxe6 32. Bh3 Nc4 33. Nxe6 Bxb2+ 34. Kb1
Qa7 35. Qg5+ Bf6 36. Qh6 Nxa3+ 37. Ka2 b4 38. N6d4 Bf7+ 39. Ka1 Nxc2+ 40. Kb1
Nxd4 41. Bxc8 Nxe2 42. Rhf1 Nc3+ 43. Kc1 Nxe4 44. Rde1 Rxc8+ 45. Kb1 Qd4 46.
Rxe4+ Qxe4# 0-1